Responses for Show #7398 - Wednesday, November 9, 2016

2016 Teen Tournament quarterfinal game 1.
From DAR Constitution Hall in Washington, D.C.

Contestants

[<< previous game]

Apurva Kanneganti, a senior from Germantown, Tennessee

Porter Bowman, a junior from Darien, Connecticut

Lily Allingham, a sophomore from Wilmington, Delaware

[next game >>]

Jeopardy! Round responses

MONEY, MONEY, MONEY
3 CONSONANTS IN A ROW
THE CHRONICLES OF NARNIA
POP CULTURE
DON'T YOU KNOW
THERE'S A WAR ON
(Alex: But which war?)
    $200 21
a pound

Apurva
    $200 26
a yardstick

Porter
    $200 6
Aslan

Apurva
    $200 1
Instagram

Apurva
    $200 16
in

Apurva
    $200 11
the Korean War

Apurva
    $400 22
dimes

Apurva
    $400 27
(Lily: What is a... trademark?)

a copyright

LilyApurva
    $400 7
Prince Caspian

Porter
    $400 2
"Stressed Out"

Porter
    $400 17
Oscars

Porter
    $400 8
the Mexican-American War

Porter
    $600 23
the $5

Porter
    $600 28
against

Apurva
    $600 13
a horse

Apurva
    $600 3
Minecraft

Triple Stumper
    $600 18
Ford

Apurva
    $600 9
the Thirty Years' War

Lily
    $1,200 24
(Alex: Porter?)
(Porter: Who is Apollo?)

Alexander the Great

Porter
    $800 29
(Porter: What is karma?)

superstition

PorterApurva
    $800 14
The Magician's Nephew

Lily
    $800 4
Louis Tomlinson

Lily
    $800 19
(Alex: Think of potatoes, think of [*].)

Idaho

Triple Stumper
    $800 10
(Apurva: What is the Crimean War?)

the Spanish-American War

Apurva
Triple Stumper
    $1000 25
wampum

Triple Stumper
    $1000 30
(Apurva: What is a journal?)

a pamphlet

Apurva
Triple Stumper
    $1000 15
The Last Battle

Apurva
    $1000 5
electronic dance music

Lily
    $1000 20
bronze

Lily
    $1000 12
the French and Indian War

Apurva

Scores at the first commercial break (after clue 15):

Lily Porter Apurva
$3,200 $1,200 $2,400

Scores at the end of the Jeopardy! Round:

Lily Porter Apurva
$3,800 $400 $4,600

Double Jeopardy! Round responses

WE'RE GOING TO THE MOVIES
SCIENCE GUYS
WASHINGTON JARGON
BODIES OF WATER
NOTABLE TEENS
X GAMES
    $400 9
trailers

Porter
    $400 26
Mendel

Porter
    $400 10
a leak

Porter
    $400 18
the Dead Sea

Porter
    $400 15
a god

Porter
    $400 21
10

Lily
    $800 8
(Lily: What is HD?)

IMAX

LilyPorter
    $800 27
Ivan Pavlov

Triple Stumper
    $800 11
a grant

Lily
    $1,500 19
(Porter: What is the Pacific Ocean?)

the Arctic Ocean

Porter
    $800 3
Sacagawea

Apurva
    $800 22
a kiss

Lily
    $1200 6
10 Cloverfield Lane

Triple Stumper
    $1200 28
Celsius

Lily
    $1200 12
a diplomat

Lily
    $1200 20
(Apurva: What is the Mali?)

the Congo River

Apurva
Triple Stumper
    $1200 2
drones

Triple Stumper
    $1200 23
Xavier

Porter
    $1600 5
(Porter: What are dibs?)

bonbons

Porter
Triple Stumper
    $1600 29
Hawking

Apurva
    $1600 13
the Framers

Lily
    $1600 16
Sri Lanka

Porter
    $1600 1
(Porter: Who is Buffalo Bill?)

Jesse James

Porter
Triple Stumper
    $2,000 24
(Porter: Who is Euler?)
...
(Alex: Géométrie--French.)

Descartes

Porter
    $2000 7
Rotten Tomatoes (rottentomatoes.com)

Porter
    $2000 30
(Enrico) Fermi

Apurva
    $2000 14
a bargain (a compromise accepted)

Lily
    $2000 17
Lake Titicaca

Lily
    $2000 4
Audubon

Porter
    $2000 25
Los Alamos

Porter

Scores at the end of the Double Jeopardy! Round:

Lily Porter Apurva
$13,000 $5,300 $7,800

Final Jeopardy! Round responses

AMERICANA
PorterWhat is... the Hope Diamond?
$5,300
ApurvaWhat is the Statue of Liberty
$3,000
LilyWhat is the Statue of Liberty?
$2,601
the Statue of Liberty

Final scores:

Lily Porter Apurva
$15,601 $0 $10,800
Automatic semifinalist 3rd place: $5,000 if eliminated 2nd place: $5,000 if eliminated

Game dynamics:

Coryat scores:

Lily Porter Apurva
$13,000 $10,000 $7,800
13 R,
2 W
17 R,
6 W
(including 3 DDs)
16 R,
3 W

Combined Coryat: $30,800

[game clues] [game scores] [suggest correction]

Game tape date: 2016-04-12
The J! Archive is created by fans, for fans. Scraping, republication, monetization, and malicious use prohibited; this site may use cookies and collect identifying information. See terms. The Jeopardy! game show and all elements thereof, including but not limited to copyright and trademark thereto, are the property of Jeopardy Productions, Inc. and are protected under law. This website is not affiliated with, sponsored by, or operated by Jeopardy Productions, Inc. Join the discussion at JBoard.tv.